Normal view
MARC view
- جمال -علم
Entry Topical Term
001 - CONTROL NUMBER
- control field: 12777
003 - CONTROL NUMBER IDENTIFIER
- control field: JO-AjAnu
005 - DATE AND TIME OF LATEST TRANSACTION
- control field: 20230606072340.0
008 - FIXED-LENGTH DATA ELEMENTS
- fixed length control field: 230606|| aca||aabn | a|a d
040 ## - CATALOGING SOURCE
- Original cataloging agency: JO-AjAnu
- Transcribing agency: JO-AjAnu
150 ## - HEADING--TOPICAL TERM
- Topical term or geographic name entry element: جمال -علم
670 ## - SOURCE DATA FOUND
- Source citation: Work cat.: (JO-AjAnu)6574: سانتيانا،جورج ، بدوي،محمد مصطفى/ترجمة ، محمود،زكي نجيب/مراجعة وتقديم ،عناني،محمد/تحرير, author 12776, الإحساس بالجمال :تخطيط النظرية في علم الجمال